All Hobbit Movie Characters by Picture - Statistics

General Stats
  • This quiz has been taken 60 times
  • The average score is 29 of 44
Answer Stats
Picture Answer % Correct
Bilbo Baggins
98%
Gandalf the Grey
98%
Thorin Oakenshield
94%
Kili
89%
Fili
87%
Gollum
87%
Smaug
87%
Balin
85%
Dwalin
83%
Elrond
79%
Frodo
79%
Legolas Greenleaf
77%
Ori
77%
Bombur
74%
Saruman the White
74%
Galadriel
72%
Nori
72%
Gloin
70%
Radgast the Brown
70%
The Necromancer
70%
Thranduil
70%
Bofur
68%
Oin
68%
Azog
66%
Bard
66%
Dori
66%
Tauriel
66%
Bifur
64%
Thror
57%
Beorn
55%
The Witch-King
55%
Dain Ironfoot
53%
Great Goblin
53%
Bolg
51%
Thrain
51%
Master of Lake-town
49%
Bert
47%
Tom
43%
William Huggins
38%
Bain
34%
Alfrid Lickspittle
32%
Sigrid
32%
Tilda
30%
Girion
26%
No matching quizzes found
Score Distribution
Percent of People with Each Score
Percentile by Number Answered
Your Score History
You have not taken this quiz